| 000 | 00000nam 2200000za 4500 |
| 001 | 9.644075 |
| 003 | CaOODSP |
| 005 | 20221107134354 |
| 007 | cr ||||||||||| |
| 008 | 150407s2012 onc #o f000 0 fre d |
| 040 | |aCaOODSP|bfre |
| 043 | |an-cn--- |
| 086 | 1 |aR5-22/2012F-PDF |
| 110 | 1 |aCanada.|bAffaires indiennes et du Nord. |
| 245 | 10|aÉvaluation du Programme pour la prévention de la violence familiale |h[ressource électronique] : |brapport final / |cDirection générale de l'évaluation, de la mesure du rendement et de l'examen. |
| 260 | |a[Ottawa] : |bAffaires indiennes et du Nord, |c2012. |
| 300 | |a58 p. : |bgraphiques, tableaux |
| 500 | |a« Février 2012. » |
| 500 | |aPubli. aussi en anglais sous le titre : Evaluation of the Family Violence Prevention Program. |
| 580 | |aDocuments associé : Compte rendu sur l'état de la mise en oeuvre du plan d'action, rapport au Comité de évaluation, de la mesure du rendement et de l'examen en date du ... : Évaluation du Programme pour la prévention de la violence familiale. |
| 590 | |a15-02-Supp|b2015-02-16 |
| 691 | 07|aAutochtones|2gcpds |
| 691 | 07|aRévision de programme|2gcpds |
| 691 | 07|aViolence familiale|2gcpds |
| 775 | 08|tEvaluation of the Family Violence Prevention Program |w(CaOODSP)9.700113 |
| 787 | 1 |oR12-51F-PDF |tCompte rendu sur l'état de la mise en oeuvre du plan d'action, rapport au Comité de évaluation, de la mesure du rendement et de l'examen en date du ... : Évaluation du Programme pour la prévention de la violence familiale|w9.807768 |
| 856 | 40|ahttp://publications.gc.ca|qPDF|s252 Ko|uhttps://publications.gc.ca/collections/collection_2014/aadnc-aandc/R5-22-2012-fra.pdf |
| 986 | |aNuméro de projet : 1570-71/10024 |